000 00600nam a2200205 a 4500
005 20240522063630.0
008 991125s1938 ea 000 0 eng u
035 _aUPN01000042885
049 _aCG
050 4 _aGV423
_bN3.5
100 1 _aNash, Jay Briyan,
_d1886-1965
245 1 4 _aThe organization and administration of play grounds and recreation /
_cby Jay B. Nash.
260 _aNew York :
_bA. S. Barnes,
_c1938.
300 _a547 p.
650 4 _aCAMPOS DEPORTIVOS
_95022
650 2 _aDiversiones
_914883
650 4 _aJuegos
_95342
650 4 _aJuegos infantiles
_96445
905 _aLibro
999 _c42885
_d42885